Museo de las familias (Record no. 1510)

MARC details
000 -LEADER
campo de control de longitud fija 00956nas a2200277 i 4500
001 - NÚMERO DE CONTROL
campo de control 1510
003 - IDENTIFICADOR DE NÚMERO DE CONTROL
campo de control ES-MaACL
005 - FECHA Y HORA DE LA ÚLTIMA TRANSACCIÓN
campo de control 20250724062544.0
007 - CAMPO FIJO DE DESCRIPCIÓN FÍSICA--INFORMACIÓN GENERAL
campo de control de longitud fija t|
008 - DATOS DE LONGITUD FIJA--INFORMACIÓN GENERAL
campo de control de longitud fija 950801d18431870sp m|yp | ||pa d
022 ## - NÚMERO INTERNACIONAL NORMALIZADO PARA PUBLICACIONES SERIADAS
Número Internacional Normalizado para Publicaciones Seriadas 2171-1453
080 ## - NÚMERO DE LA CLASIFICACIÓN DECIMAL UNIVERSAL
Número de la Clasificación Decimal Universal 460
080 ## - NÚMERO DE LA CLASIFICACIÓN DECIMAL UNIVERSAL
Número de la Clasificación Decimal Universal (051)
245 00 - MENCIÓN DEL TÍTULO
Título Museo de las familias
Resto del título : lecturas.
246 3# - FORMA VARIANTE DEL TITULO
Título propio/Titulo breve Museo de las familias (Madrid)
260 ## - PUBLICACIÓN, DISTRIBUCIÓN, ETC.
Lugar de publicación, distribución, etc. Madrid :
Nombre del editor, distribuidor, etc. [Francisco de Paula Mellado],
Fecha de publicación, distribución, etc. 1843-[1870]
300 ## - DESCRIPCIÓN FÍSICA
Extensión v. :
Otras características físicas grab. ;
Dimensiones 27 cm.
310 ## - PERIODICIDAD ACTUAL
Periodicidad actual Mensual
362 0# - FECHAS DE PUBLICACIÓN Y/O DESIGNACIÓN SECUENCIAL
Fecha de publicación y/o designación secuencial [T. 1] (25 en. 1843)-t. 12 (dic. 1854); 2. serie, año 13 ([en.] 1855)-año 25 ([dic.] 1867); año 26, t. 1, n.1 (abr. 1870)-t. 1 ([dic. 1870])
530 ## - NOTA DISPONIBLE DE FORMULARIO FÍSICO ADICIONAL
Nota de formato físico adicional disponible Disponible en formato digital.
650 #7 - PUNTO DE ACCESO ADICIONAL DE MATERIA--TÉRMINO DE MATERIA
Término de materia o nombre geográfico como elemento de entrada Cultura
Fuente del encabezamiento o término embne
9 (RLIN) 170963
852 ## - LOCALIZACIÓN
Ubicación ES-MaACL
Número de control de estantería R-1785-94 Olim: G-3891-3900
856 ## - LOCALIZACIÓN Y ACCESO ELECTRÓNICOS
Identificador Uniforme de Recursos <a href="http://hemerotecadigital.bne.es/details.vm?o=&w=2171-1453&f=issn&l=500">http://hemerotecadigital.bne.es/details.vm?o=&w=2171-1453&f=issn&l=500</a>
Nota pública Hemeroteca Digital
866 #0 - MENCIÓN TEXTUAL DE FONDOS--UNIDAD BIBLIOGRÁFICA BÁSICA
Fondos 1843-52.
Holdings
Estatus retirado Estado de pérdida Estado de daño No para préstamo Colección Biblioteca de origen Biblioteca actual Ubicación en estantería Fecha de adquisición Fuente de adquisición Total de préstamos Signatura topográfica completa Código de barras Visto por última vez Precio de reemplazo Tipo de ítem Koha
        Colección digital Biblioteca del Ateneo de Madrid Biblioteca del Ateneo de Madrid Depósito 17/01/2008     R-1785-94 1001542 23/02/2023 23/02/2023 Revista